000 00585nam a2200229 a 4500
999 _c5557
_d5557
001 5557
003 BD-JhCC
005 20180308201351.0
008 171218s1960 as ||||| ||a| 00| 0 eng d
035 _a(BD-JhCC)5557
040 _aBD-JhCC
_dBD-JhCC
041 _aeng
082 _a820
_bRAP 1960
100 _aRaphael, Brother H.
245 _aA Book of Stories /
_cBrother H. Raphael, F. S. C.,
260 _aNew York :
_bThe Macmillan Company,
_c1960.
300 _a313 p. :
_c22 cm.
650 _aEnglish Language
700 _aC., F. S.
942 _2ddc
_cBK